banner-ar

STATISTICAL GEOGRAPHY: PROBLEMS IN ANALYZING AREAL DATA / (Record no. 14989)

MARC details
000 -الفاتح
حقل البيانات ثابتة الطول 00608nam a2200217Ia 4500
008 - عناصر البيانات ثابتة الطول - معلومات عامة
حقل البيانات ثابتة الطول 140319s9999 xx 000 0 eng d
040 ## - مصدر الفهرسة
وكالة الفهرسة الأصلية GCL /
وكالة النسخ GCL
082 04 - رقم تصنيف ديوى العشرى
رقم التصنيف 001.4225
رقم المادة D S
100 1# - المدخل الرئيسى - إسم شخصى
الإسم الشخصى DUNCAN, OTIS DUDLEY
245 10 - بيان العنوان
العنوان STATISTICAL GEOGRAPHY: PROBLEMS IN ANALYZING AREAL DATA /
بيان المسئوليه,etc DUNCAN, OTIS DUDLEY
700 1# - المدخل الاضافى - اسم شخصى
الإسم الشخصى CUZZART, RAY P
700 1# - المدخل الاضافى - اسم شخصى
الإسم الشخصى DUNCAN, BEVERLY
260 ## - PUBLICATION, DISTRIBUTION, ETC. (IMPRINT)
تاريخ النشر أو التوزيع 1961
300 ## - الوصف المادى
التعداد 191 P
650 04 - المدخل الاضافى بالموضوع-مصطلح موضوعى
مصطلح موضوعي STATISTICS
650 04 - المدخل الاضافى بالموضوع-مصطلح موضوعى
مصطلح موضوعي STATISTICAL METHODS
650 04 - المدخل الاضافى بالموضوع-مصطلح موضوعى
مصطلح موضوعي ANALYSIS OF DATA
650 04 - المدخل الاضافى بالموضوع-مصطلح موضوعى
مصطلح موضوعي STATISTICAL GEOGRAPHY
942 ## - عناصر المدخل الإضافي( كوها)
مصدر التصنيف او مخطط الترفيف Dewey Decimal Classification
Koha [default] item type كتاب
260 ## - PUBLICATION, DISTRIBUTION, ETC. (IMPRINT)
-- [S.N] :
-- THE FREE PRESS ،
Holdings
حالة التراجع حالة الفقد حالة تلف ليس للاعارة المكان المؤقت الموقع الحالى تاريخ الاكتساب اجمالي اﻻعارات رقم الطلب الباركود تاريخ اخر مشاهدة تاريخ تفعيل السعر نوع وعاء كوها
        مكتبة القاهرة الكبرى مكتبة القاهرة الكبرى 03/26/2014   001.4225\D S 27990 03/26/2014 03/26/2014 كتاب

Powered By

EGPV